Les Pokémon chromatiques apparus dans la série animée - Statistiques

Statistiques générales
  • Ce quiz a été pris 14 fois
  • Le résultat moyen est 16 sur 41
Statistiques - réponses
Cycle ou film Réponse % Correct
Cycle 1 / 2 / 3 / 4 / 5 / 6 / 7 Noarfang de Sacha
90%
Hoopa et le choc des légendes Rayquaza
80%
Les Horizons Rayquaza
80%
Zoroark : le Maître des illusions Entei
70%
Cycle 5 Léviator de Lysandre
70%
Cycle 1 / 2 / 7 Léviator de Peter
70%
Zoroark : le Maître des illusions Raikou
70%
Zoroark : le Maître des illusions Suicune
70%
Cycle 6 Pikachu
60%
Cycle 5 Draco
50%
Les Horizons Lucario de Rhod
50%
Cycle 6 / 7 Magearna de Mohn
50%
Cycle 4 Onix
50%
Cycle 3 Papinox
50%
Cycle 7 / Les secrets de la jungle Celebi
40%
Cycle 4 Drakkarmin de Sandra
40%
Volcanion et la merveille mécanique Ectoplasma
40%
Noir - Victini et Reshiram Golemastoc
40%
Cycle 3 / 7 / PME Métalosse de Pierre Rochard
40%
Blanc - Victini et Zekrom Trioxhydre
40%
Les Horizons Zygarde de Gibeon
40%
Cycle 5 Brutalibré
30%
Cycle 2 Donphan
30%
Cycle 2 / 5 / 7 Magicarpe
30%
Cycle 1 Magnéton
30%
Cycle 3 / Les Horizons Métamorph
30%
Cycle 7 Psykokwak
30%
Cycle 7 Voltorbe
30%
Cycle 1 Caratroc
20%
Cycle 6 Chrysapile d'Horace
20%
Volcanion et la merveille mécanique Gardevoir
20%
Cycle 2 Hélédelle d'Alizée
20%
Cycle 6 Mimiqui de Margie
20%
Cycle 5 Brocélôme
10%
Cycle 6 Engloutyran
10%
Cycle 6 Lucanon d'Horace
10%
Cycle 7 Pyronille
10%
Cycle 6 Tokorico
10%
Cycle 7 Zéroïd
10%
Les neiges de Hisui Zorua de Hisui
10%
Cycle 7 Pyrax
0%
Aucun quiz correspondant
Distribution des résultats
% des personnes avec chaque résultat
Percentile par nombre de réponses
Votre historique - résultats
Vous n’avez pas pris ce quiz